Taylor Swift - The Best Day Lyrics - Statistics

General Stats
  • This quiz has been taken 128 times
  • The average score is 261 of 348
Answer Stats
Answer % Correct
the
100%
be
98%
best
98%
day
98%
I
97%
to
95%
a
93%
you
93%
You
93%
with
91%
had
90%
an
88%
I'm
88%
i'm
88%
know
88%
my
88%
on
88%
today
86%
and
84%
And
84%
is
84%
don't
83%
Don't
83%
me
83%
But
81%
in
81%
how
78%
it's
78%
It's
78%
so
78%
So
78%
who
78%
all
76%
could
76%
father
76%
for
76%
For
76%
got
76%
have
76%
I've
76%
i've
76%
now
76%
Now
76%
your
76%
mean
74%
of
74%
old
74%
we
74%
when
74%
why
74%
brother
72%
coat
72%
five
72%
friends
72%
little
72%
was
72%
years
72%
big
71%
excellent
71%
thirteen
71%
you're
71%
at
69%
away
69%
cold
69%
His
69%
run
69%
up
69%
am
67%
fall
67%
getting
67%
gonna
67%
home
67%
house
67%
making
67%
school
67%
talk
67%
drive
66%
if
66%
pretty
66%
than
66%
better
64%
far
64%
he's
64%
ride
64%
space
64%
stronger
64%
That
64%
back
62%
come
62%
crying
62%
from
62%
love
62%
out
62%
car
60%
hear
60%
not
60%
side
60%
their
60%
There
60%
trees
60%
change
59%
even
59%
grew
59%
kitchen
59%
names
59%
or
59%
smiles
59%
strength
59%
until
59%
were
59%
age
57%
forgotten
57%
found
57%
God
57%
grab
57%
keys
57%
princesses
57%
shop
57%
talking
57%
'til
57%
whole
57%
wide
57%
world
57%
wrong
57%
eyes
55%
Inside
55%
lady
55%
laugh
55%
pirate
55%
prettiest
55%
say
55%
scared
55%
seven
55%
three
55%
way
55%
anything
53%
giving
53%
hold
53%
near
53%
this
53%
video
53%
long
52%
Snow
52%
take
52%
asleep
50%
feel
50%
okay
50%
pumpkin
50%
ships
50%
window
50%
enough
48%
laughing
48%
look
48%
Look
48%
set
48%
town
48%
White's
48%
Daddy's
47%
shine
47%
smart
47%
tight
47%
paint
43%
patch
43%
watching
43%
hug
41%
legs
41%
sky
41%
didn't
40%
dwarves
40%
knew
40%
smiling
40%
taking
40%
chance
38%
gold
36%
staying
36%
Past
34%
tractor
33%
rides
29%
No matching quizzes found
Score Distribution
Percent of People with Each Score
Percentile by Number Answered
Your Score History
You have not taken this quiz